000 00694nam a2200241 i 4500
001 C2-0332097
003 PPAK
005 20180728132345.0
008 150713s2013 nyu |||| ||||| | eng d
020 _a9781451678734
040 _aPPAK
_beng
_cPPAK
_erda
082 0 4 _a823
_223
090 0 0 _a823
_bROB
_dG
100 1 _aRobards, Karen,
_eauthor
245 1 0 _aHunted
264 1 _aNew York :
_bPocket Books ,
_c2013
300 _a438 pages ;
_c17 cm
336 _2rdacontent
_atext
337 _2rdamedia
_aunmediated
338 _2rdacarrier
_avolume
650 1 0 _aEnglish fiction. ; Hostage negotiations - Fiction. ; Policewomen - Louisiana - New Orleans - Fiction.
942 _ddc
_cB
999 _c130774
_d130774